[Event "MPJ_D18"]
[Site "?"]
[Date "2016.03.14"]
[Round "2.2"]
[White "Kubicka, Anna"]
[Black "Konopacka, Martyna"]
[Result "1-0"]
[BlackElo "1905"]
[WhiteElo "2152"]
[LiveChessVersion "1.4.8"]

1. e4 {[%clk 1:30:55]} e5 {[%clk 1:30:56]} 2. Nf3 {[%clk 1:31:08]} Nc6
{[%clk 1:31:23]} 3. Bb5 {[%clk 1:31:33]} Nge7 {[%clk 1:31:48]} 4. O-O
{[%clk 1:31:51]} g6 {[%clk 1:26:06]} 5. c3 {[%clk 1:31:53]} Bg7 {[%clk 1:24:27]}
6. d4 {[%clk 1:32:04]} exd4 {[%clk 1:23:18]} 7. cxd4 {[%clk 1:32:29]} a6
{[%clk 1:23:05]} 8. Ba4 {[%clk 1:27:12]} d6 {[%clk 1:12:23]} 9. d5
{[%clk 1:06:31]} b5 {[%clk 1:12:44]} 10. dxc6 {[%clk 1:06:57]} bxa4
{[%clk 1:13:11]} 11. Qxa4 {[%clk 1:06:55]} O-O {[%clk 1:13:17]} 12. Nc3
{[%clk 1:06:35]} Rb8 {[%clk 1:07:25]} 13. Bg5 {[%clk 0:52:51]} f6
{[%clk 0:55:13]} 14. Be3 {[%clk 0:43:07]} Kh8 {[%clk 0:51:05]} 15. Ba7
{[%clk 0:41:29]} Ra8 {[%clk 0:41:37]} 16. Bd4 {[%clk 0:40:28]} Qe8
{[%clk 0:34:00]} 17. Nd5 {[%clk 0:38:31]} Qxc6 {[%clk 0:32:19]} 18. Qxc6
{[%clk 0:27:05]} Nxc6 {[%clk 0:32:45]} 19. Nxc7 {[%clk 0:26:37]} Nxd4
{[%clk 0:25:38]} 20. Nxa8 {[%clk 0:22:20]} Nxf3+ {[%clk 0:25:35]} 21. gxf3
{[%clk 0:22:47]} Bh3 {[%clk 0:25:55]} 22. Nc7 {[%clk 0:23:08]} Bxf1
{[%clk 0:13:27]} 23. Kxf1 {[%clk 0:23:36]} f5 {[%clk 0:13:38]} 24. Ne6
{[%clk 0:11:01]} Rb8 {[%clk 0:11:27]} 25. Nxg7 {[%clk 0:08:22]} Kxg7
{[%clk 0:11:51]} 26. b3 {[%clk 0:08:49]} Rc8 {[%clk 0:08:16]} 27. Rd1
{[%clk 0:09:10]} Rc6 {[%clk 0:07:10]} 28. Ke2 {[%clk 0:08:41]} f4
{[%clk 0:06:19]} 29. Rd4 {[%clk 0:08:00]} Kf6 {[%clk 0:05:31]} 30. Kd3
{[%clk 0:07:01]} Ke6 {[%clk 0:05:00]} 31. Rc4 {[%clk 0:06:18]} Rb6
{[%clk 0:05:28]} 32. Rc7 {[%clk 0:05:41]} h6 {[%clk 0:05:13]} 33. Rh7
{[%clk 0:05:59]} h5 {[%clk 0:05:13]} 34. Ra7 {[%clk 0:03:17]} Rc6
{[%clk 0:01:18]} 35. h4 {[%clk 0:02:43]} Ke5 {[%clk 0:01:02]} 36. b4
{[%clk 0:02:50]} Rb6 {[%clk 0:00:46]} 37. a3 {[%clk 0:03:16]} Rc6
{[%clk 0:01:11]} 38. Ra8 {[%clk 0:02:53]} Ke6 {[%clk 0:01:02]} 39. Rg8
{[%clk 0:02:43]} Kf7 {[%clk 0:00:48]} 40. Ra8 {[%clk 0:32:38]} Ke6
{[%clk 0:30:45]} 41. Rf8 {[%clk 0:28:52]} Rc1 {[%clk 0:28:35]} 42. Rg8
{[%clk 0:22:27]} Kf7 {[%clk 0:14:39]} 43. Ra8 {[%clk 0:22:42]} Rc6
{[%clk 0:14:52]} 44. a4 {[%clk 0:21:33]} Rb6 {[%clk 0:12:51]} 45. b5
{[%clk 0:21:57]} axb5 {[%clk 0:12:26]} 46. a5 {[%clk 0:22:25]} Rc6
{[%clk 0:12:29]} 47. a6 {[%clk 0:22:43]} b4 {[%clk 0:09:14]} 48. a7
{[%clk 0:22:56]} Ra6 {[%clk 0:07:54]} 49. Rh8 {[%clk 0:23:16]} b3
{[%clk 0:06:45]} 50. a8=Q {[%clk 0:23:18]} b2 {[%clk 0:06:56]} 51. Qe8+ 1-0

[Event "MPJ_D18"]
[Site "?"]
[Date "2016.03.14"]
[Round "2.3"]
[White "Dwilewicz, Katarzyna"]
[Black "Sliwicka, Alicja"]
[Result "0-1"]
[BlackElo "2093"]
[WhiteElo "1811"]
[LiveChessVersion "1.4.8"]

1. e4 {[%clk 1:30:58]} c5 {[%clk 1:30:55]} 2. Nf3 {[%clk 1:31:17]} e6
{[%clk 1:31:17]} 3. d4 {[%clk 1:31:09]} cxd4 {[%clk 1:31:40]} 4. Nxd4
{[%clk 1:31:34]} a6 {[%clk 1:32:05]} 5. Bd3 {[%clk 1:30:39]} Nf6 {[%clk 1:32:26]}
6. Qe2 {[%clk 1:30:29]} d6 {[%clk 1:32:29]} 7. O-O {[%clk 1:30:35]} Qc7
{[%clk 1:32:38]} 8. c4 {[%clk 1:30:13]} g6 {[%clk 1:32:05]} 9. Nc3
{[%clk 1:27:36]} Bg7 {[%clk 1:32:22]} 10. Kh1 {[%clk 1:26:03]} Nbd7
{[%clk 1:32:14]} 11. f4 {[%clk 1:24:35]} O-O {[%clk 1:31:43]} 12. Nf3
{[%clk 1:22:59]} b6 {[%clk 1:30:54]} 13. Bd2 {[%clk 1:21:48]} Bb7
{[%clk 1:30:13]} 14. b4 {[%clk 1:17:48]} Rac8 {[%clk 1:26:19]} 15. Rac1
{[%clk 1:11:43]} Qb8 {[%clk 1:23:36]} 16. a3 {[%clk 1:08:30]} Rfe8
{[%clk 1:20:33]} 17. Ng5 {[%clk 1:04:56]} Qa8 {[%clk 1:09:59]} 18. Rf2
{[%clk 0:57:01]} d5 {[%clk 1:02:05]} 19. e5 {[%clk 0:24:28]} dxc4
{[%clk 1:02:26]} 20. Bb1 {[%clk 0:21:00]} Nd5 {[%clk 0:56:54]} 21. Nce4
{[%clk 0:21:22]} Bf8 {[%clk 0:48:41]} 22. Rxc4 {[%clk 0:20:08]} a5
{[%clk 0:46:17]} 23. Rxc8 {[%clk 0:18:57]} Rxc8 {[%clk 0:46:32]} 24. Qg4
{[%clk 0:17:23]} axb4 {[%clk 0:36:08]} 25. axb4 {[%clk 0:16:14]} Bxb4
{[%clk 0:34:58]} 26. Nd6 {[%clk 0:03:19]} Bxd6 {[%clk 0:33:25]} 27. exd6
{[%clk 0:03:47]} Qa3 {[%clk 0:32:53]} 28. Rf1 {[%clk 0:01:38]} N7f6
{[%clk 0:30:45]} 29. Qh3 {[%clk 0:00:46]} Qb2 {[%clk 0:29:42]} 30. Nxe6
{[%clk 0:00:37]} Qxd2 {[%clk 0:25:45]} 31. f5 {[%clk 0:00:37]} Ne3
{[%clk 0:25:27]} 0-1

[Event "MPJ_D18"]
[Site "?"]
[Date "2016.03.14"]
[Round "2.4"]
[White "Antolak, Julia"]
[Black "Fraczek, Weronika"]
[Result "1-0"]
[BlackElo "1825"]
[WhiteElo "2087"]
[LiveChessVersion "1.4.8"]

1. e4 {[%clk 1:30:58]} c5 {[%clk 1:30:47]} 2. Nf3 {[%clk 1:31:03]} Nc6
{[%clk 1:31:07]} 3. d4 {[%clk 1:31:23]} cxd4 {[%clk 1:31:30]} 4. Nxd4
{[%clk 1:31:48]} Nf6 {[%clk 1:31:51]} 5. Nc3 {[%clk 1:32:13]} e5 {[%clk 1:32:04]}
6. Ndb5 {[%clk 1:31:47]} d6 {[%clk 1:32:20]} 7. Na3 {[%clk 1:30:24]} Be7
{[%clk 1:26:11]} 8. Nc4 {[%clk 1:27:12]} h6 {[%clk 1:20:52]} 9. Ne3
{[%clk 1:22:03]} O-O {[%clk 1:16:37]} 10. Bc4 {[%clk 1:17:23]} Nd4
{[%clk 1:12:52]} 11. O-O {[%clk 1:15:18]} Bd7 {[%clk 1:09:38]} 12. Ned5
{[%clk 0:54:13]} b5 {[%clk 0:55:59]} 13. Bd3 {[%clk 0:48:30]} Nxd5
{[%clk 0:52:49]} 14. Nxd5 {[%clk 0:47:36]} Bg5 {[%clk 0:45:19]} 15. Bxg5
{[%clk 0:41:08]} Qxg5 {[%clk 0:43:06]} 16. f4 {[%clk 0:38:52]} exf4
{[%clk 0:42:06]} 17. Rxf4 {[%clk 0:38:44]} Qe5 {[%clk 0:35:31]} 18. c3
{[%clk 0:36:54]} Nc6 {[%clk 0:34:17]} 19. Bxb5 {[%clk 0:36:20]} Rab8
{[%clk 0:33:29]} 20. Qd3 {[%clk 0:35:11]} Nb4 {[%clk 0:29:13]} 21. Nxb4
{[%clk 0:33:43]} Bxb5 {[%clk 0:24:26]} 22. Qf3 {[%clk 0:33:25]} a5
{[%clk 0:20:57]} 23. Nd5 {[%clk 0:30:33]} Bc6 {[%clk 0:16:46]} 24. b3
{[%clk 0:28:58]} Rbe8 {[%clk 0:11:01]} 25. Rf1 {[%clk 0:26:42]} f5
{[%clk 0:08:52]} 26. c4 {[%clk 0:24:10]} Qd4+ {[%clk 0:07:25]} 27. Kh1
{[%clk 0:24:29]} Bxd5 {[%clk 0:06:36]} 28. exd5 {[%clk 0:23:36]} Qe5
{[%clk 0:05:23]} 29. g4 {[%clk 0:22:54]} Qb2 {[%clk 0:04:16]} 30. Rf2
{[%clk 0:22:27]} Re1+ {[%clk 0:03:49]} 31. Kg2 {[%clk 0:22:53]} Qc1
{[%clk 0:03:10]} 32. Rxf5 {[%clk 0:23:02]} Rxf5 {[%clk 0:03:14]} 33. Qxf5
{[%clk 0:23:17]} Rg1+ {[%clk 0:03:09]} 34. Kh3 {[%clk 0:23:38]} Qe3+
{[%clk 0:02:30]} 35. Qf3 {[%clk 0:23:18]} Qe7 {[%clk 0:00:31]} 36. Re2
{[%clk 0:23:22]} Qd8 {[%clk 0:00:48]} 37. Qe3 {[%clk 0:22:45]} Rf1
{[%clk 0:00:31]} 38. Qe8+ {[%clk 0:22:00]} Qxe8 {[%clk 0:00:35]} 39. Rxe8+
{[%clk 0:22:25]} Kf7 {[%clk 0:01:02]} 40. Re6 {[%clk 0:51:52]} Rf2
{[%clk 0:31:22]} 41. Rxd6 {[%clk 0:52:07]} Rxa2 {[%clk 0:31:46]} 42. Ra6
{[%clk 0:52:21]} Ra3 {[%clk 0:31:54]} 43. Kg2 {[%clk 0:52:30]} Rxb3
{[%clk 0:32:04]} 44. Rxa5 {[%clk 0:52:48]} Rb4 {[%clk 0:32:15]} 45. Ra7+
{[%clk 0:52:25]} Kf6 {[%clk 0:31:52]} 46. Rc7 {[%clk 0:52:46]} Rb2+
{[%clk 0:32:05]} 47. Kg3 {[%clk 0:52:00]} g5 {[%clk 0:31:50]} 48. Rc6+
{[%clk 0:51:54]} Ke5 {[%clk 0:31:58]} 49. Rxh6 {[%clk 0:51:44]} Rb3+
{[%clk 0:32:17]} 50. Kf2 {[%clk 0:52:02]} Rc3 {[%clk 0:32:01]} 51. Re6+
{[%clk 0:46:25]} Kf4 {[%clk 0:32:09]} 52. Ke2 {[%clk 0:46:32]} Rxc4
{[%clk 0:31:38]} 53. Kd3 {[%clk 0:46:51]} Rc8 {[%clk 0:29:17]} 54. Re4+
{[%clk 0:47:00]} Kf3 {[%clk 0:29:41]} 55. Rd4 {[%clk 0:47:20]} Ra8
{[%clk 0:28:52]} 56. d6 {[%clk 0:47:22]} 1-0

[Event "MPJ_D18"]
[Site "?"]
[Date "2016.03.14"]
[Round "2.5"]
[White "Olechnicka, Karolina"]
[Black "Marczuk, Anna"]
[Result "1-0"]
[BlackElo "2041"]
[WhiteElo "1776"]
[LiveChessVersion "1.4.8"]

1. e4 {[%clk 1:30:58]} c5 {[%clk 1:30:52]} 2. Nf3 {[%clk 1:31:23]} d6
{[%clk 1:31:14]} 3. d4 {[%clk 1:31:48]} cxd4 {[%clk 1:31:35]} 4. Nxd4
{[%clk 1:32:13]} Nf6 {[%clk 1:31:54]} 5. Nc3 {[%clk 1:32:37]} a6 {[%clk 1:32:16]}
6. Bg5 {[%clk 1:32:58]} e6 {[%clk 1:32:36]} 7. f4 {[%clk 1:33:11]} Qb6
{[%clk 1:32:50]} 8. Nb3 {[%clk 1:32:57]} Nbd7 {[%clk 1:32:49]} 9. Qf3
{[%clk 1:31:31]} Qc7 {[%clk 1:32:12]} 10. O-O-O {[%clk 1:29:35]} b5
{[%clk 1:30:58]} 11. g4 {[%clk 1:14:26]} Bb7 {[%clk 1:29:02]} 12. Bd3
{[%clk 1:03:28]} Be7 {[%clk 1:25:07]} 13. h4 {[%clk 0:55:59]} b4 {[%clk 1:19:52]}
14. Ne2 {[%clk 0:52:23]} Rc8 {[%clk 1:15:52]} 15. Ng3 {[%clk 0:43:12]} a5
{[%clk 1:08:28]} 16. Bxf6 {[%clk 0:37:25]} Nxf6 {[%clk 1:04:20]} 17. Nd4
{[%clk 0:31:13]} Qc5 {[%clk 0:51:38]} 18. Bb5+ {[%clk 0:29:02]} Nd7
{[%clk 0:50:29]} 19. Ba4 {[%clk 0:26:58]} Rd8 {[%clk 0:40:58]} 20. g5
{[%clk 0:25:40]} O-O {[%clk 0:30:49]} 21. g6 {[%clk 0:24:46]} hxg6
{[%clk 0:25:16]} 22. h5 {[%clk 0:17:00]} Nb6 {[%clk 0:22:34]} 23. Bb3
{[%clk 0:12:07]} Nc4 {[%clk 0:13:36]} 24. hxg6 {[%clk 0:11:51]} Bf6
{[%clk 0:13:14]} 25. Rh5 {[%clk 0:09:08]} Qxh5 {[%clk 0:01:10]} 26. Qxh5
{[%clk 0:09:05]} fxg6 {[%clk 0:01:36]} 27. Qxg6 {[%clk 0:09:16]} Bxd4
{[%clk 0:01:57]} 28. Rxd4 {[%clk 0:09:20]} Rf6 {[%clk 0:02:09]} 29. Qg5
{[%clk 0:09:20]} 1-0

[Event "MPJ_D18"]
[Site "?"]
[Date "2016.03.14"]
[Round "2.6"]
[White "Dadello, Aleksandra"]
[Black "Kopica, Paulina"]
[Result "1/2-1/2"]
[BlackElo "1786"]
[WhiteElo "2041"]
[LiveChessVersion "1.4.8"]

1. e4 {[%clk 1:30:57]} c5 {[%clk 1:30:55]} 2. Nf3 {[%clk 1:31:21]} Nc6
{[%clk 1:31:19]} 3. d4 {[%clk 1:31:42]} cxd4 {[%clk 1:31:43]} 4. Nxd4
{[%clk 1:32:07]} Nf6 {[%clk 1:32:06]} 5. Nc3 {[%clk 1:32:25]} d6 {[%clk 1:32:25]}
6. Bg5 {[%clk 1:32:41]} e6 {[%clk 1:32:40]} 7. Bb5 {[%clk 1:32:56]} Bd7
{[%clk 1:32:15]} 8. Bxc6 {[%clk 1:32:45]} bxc6 {[%clk 1:31:28]} 9. Qf3
{[%clk 1:32:19]} Rc8 {[%clk 1:12:02]} 10. O-O-O {[%clk 1:25:07]} Be7
{[%clk 1:10:04]} 11. e5 {[%clk 1:14:44]} dxe5 {[%clk 0:56:13]} 12. Nb3
{[%clk 1:14:49]} Nd5 {[%clk 0:53:03]} 13. Bxe7 {[%clk 1:14:20]} Qxe7
{[%clk 0:53:03]} 14. Ne4 {[%clk 1:11:43]} O-O {[%clk 0:48:43]} 15. Nec5
{[%clk 0:51:29]} Be8 {[%clk 0:38:51]} 16. Rhe1 {[%clk 0:46:13]} f6
{[%clk 0:33:51]} 17. Qg4 {[%clk 0:31:47]} Bf7 {[%clk 0:31:39]} 18. Rd3
{[%clk 0:25:19]} Bg6 {[%clk 0:22:08]} 19. Rd2 {[%clk 0:23:17]} Rfe8
{[%clk 0:18:13]} 20. h4 {[%clk 0:21:59]} f5 {[%clk 0:13:42]} 21. Qh3
{[%clk 0:16:54]} e4 {[%clk 0:11:51]} 22. g4 {[%clk 0:12:27]} h5 {[%clk 0:07:44]}
23. gxh5 {[%clk 0:07:11]} Bxh5 {[%clk 0:07:51]} 24. Kb1 {[%clk 0:02:20]} Bg4
{[%clk 0:06:30]} 25. Qh2 {[%clk 0:02:13]} e5 {[%clk 0:05:42]} 26. Rg1
{[%clk 0:01:35]} Nf6 {[%clk 0:04:42]} 27. Qg3 {[%clk 0:01:23]} Rcd8
{[%clk 0:04:24]} 28. Qc3 {[%clk 0:01:16]} Rxd2 {[%clk 0:03:51]} 29. Nxd2
{[%clk 0:01:01]} Rd8 {[%clk 0:03:25]} 30. Ncb3 {[%clk 0:01:02]} Qd6
{[%clk 0:02:48]} 31. Nc4 {[%clk 0:01:08]} Qe6 {[%clk 0:01:22]} 32. Nxe5
{[%clk 0:00:59]} Nd5 {[%clk 0:00:52]} 33. Qd4 {[%clk 0:00:42]} Re8
{[%clk 0:00:37]} 34. Nxg4 {[%clk 0:01:04]} fxg4 {[%clk 0:01:04]} 35. Qxa7
{[%clk 0:00:49]} Qf5 {[%clk 0:01:07]} 36. Re1 {[%clk 0:00:36]} Nf6
{[%clk 0:00:36]} 37. Qd4 {[%clk 0:00:41]} Kh7 {[%clk 0:00:36]} 38. a4
{[%clk 0:01:00]} Rc8 {[%clk 0:00:43]} 39. Nc5 {[%clk 0:01:12]} Re8
{[%clk 0:00:52]} 40. a5 {[%clk 0:31:33]} Re5 {[%clk 0:30:32]} 41. Nb3
{[%clk 0:28:32]} c5 {[%clk 0:28:43]} 42. Qe3 {[%clk 0:27:25]} c4 {[%clk 0:26:21]}
43. Nd4 {[%clk 0:21:37]} Qc8 {[%clk 0:22:56]} 44. Qc3 {[%clk 0:16:14]} Qa6
{[%clk 0:16:20]} 45. Nf3 {[%clk 0:11:52]} Rxa5 {[%clk 0:15:54]} 46. Ng5+
{[%clk 0:12:15]} Kg6 {[%clk 0:14:06]} 47. Kc1 {[%clk 0:11:42]} Nd5
{[%clk 0:10:47]} 48. Qe5 {[%clk 0:08:53]} Ra1+ {[%clk 0:09:23]} 49. Kd2
{[%clk 0:09:18]} Qa5+ {[%clk 0:09:09]} 50. c3 {[%clk 0:09:38]} Rxe1
{[%clk 0:09:20]} 51. Qe8+ {[%clk 0:03:46]} Kh6 {[%clk 0:05:38]} 52. Qh8+
{[%clk 0:03:32]} Kg6 {[%clk 0:06:04]} 53. Qe8+ {[%clk 0:03:56]} Kh6
{[%clk 0:06:27]} 1/2-1/2

[Event "MPJ_D18"]
[Site "?"]
[Date "2016.03.14"]
[Round "2.7"]
[White "Murawko, Julia"]
[Black "Dmochowska, Agnieszka"]
[Result "1/2-1/2"]
[BlackElo "1953"]
[WhiteElo "1758"]
[LiveChessVersion "1.4.8"]

1. d4 {[%clk 1:30:58]} Nf6 {[%clk 1:30:54]} 2. Nf3 {[%clk 1:31:19]} e6
{[%clk 1:31:03]} 3. Nbd2 {[%clk 1:31:43]} b6 {[%clk 1:30:03]} 4. e4
{[%clk 1:31:29]} d5 {[%clk 1:29:32]} 5. Bd3 {[%clk 1:30:13]} Bb7 {[%clk 1:29:30]}
6. Qe2 {[%clk 1:30:03]} c5 {[%clk 1:25:53]} 7. c3 {[%clk 1:25:08]} Nc6
{[%clk 1:24:32]} 8. dxc5 {[%clk 1:14:40]} Bxc5 {[%clk 1:17:46]} 9. exd5
{[%clk 1:11:14]} Nxd5 {[%clk 1:16:43]} 10. Ne4 {[%clk 1:11:15]} Bd6
{[%clk 1:15:28]} 11. Nxd6+ {[%clk 1:04:05]} Qxd6 {[%clk 1:15:51]} 12. Bc2
{[%clk 1:02:47]} Nf4 {[%clk 0:48:33]} 13. Bxf4 {[%clk 1:01:21]} Qxf4
{[%clk 0:48:59]} 14. Qe4 {[%clk 1:01:03]} Qxe4+ {[%clk 0:43:00]} 15. Bxe4
{[%clk 1:01:28]} O-O-O {[%clk 0:42:56]} 16. O-O {[%clk 1:00:58]} f6
{[%clk 0:41:54]} 17. Rad1 {[%clk 1:00:33]} g6 {[%clk 0:39:56]} 18. Rfe1
{[%clk 0:59:29]} e5 {[%clk 0:39:56]} 19. Bd5 {[%clk 0:51:41]} Rhe8
{[%clk 0:38:12]} 20. Rd2 {[%clk 0:50:38]} Na5 {[%clk 0:32:42]} 21. Red1
{[%clk 0:46:59]} Bxd5 {[%clk 0:30:39]} 22. Rxd5 {[%clk 0:47:23]} Nb7
{[%clk 0:31:01]} 23. Rxd8+ {[%clk 0:42:14]} Rxd8 {[%clk 0:31:26]} 24. Rxd8+
{[%clk 0:42:26]} Kxd8 {[%clk 0:31:54]} 25. Nd2 {[%clk 0:42:38]} Nc5
{[%clk 0:32:11]} 26. b3 {[%clk 0:42:26]} Kd7 {[%clk 0:31:22]} 27. Kf1
{[%clk 0:42:46]} f5 {[%clk 0:31:41]} 28. Ke2 {[%clk 0:42:44]} Ne6
{[%clk 0:28:39]} 29. g3 {[%clk 0:37:17]} Kc6 {[%clk 0:26:45]} 30. Nc4
{[%clk 0:29:06]} Kd5 {[%clk 0:26:48]} 31. Ne3+ {[%clk 0:24:14]} Kc5
{[%clk 0:26:07]} 32. Nc4 {[%clk 0:24:07]} e4 {[%clk 0:24:40]} 33. f3
{[%clk 0:23:10]} Ng5 {[%clk 0:21:40]} 34. Nd2 {[%clk 0:20:31]} exf3+
{[%clk 0:21:06]} 35. Nxf3 {[%clk 0:20:56]} Ne4 {[%clk 0:21:22]} 36. Kd3
{[%clk 0:20:57]} a5 {[%clk 0:20:39]} 37. a3 {[%clk 0:20:47]} Kd5 {[%clk 0:20:51]}
38. c4+ {[%clk 0:18:01]} Kc5 {[%clk 0:20:54]} 39. Ne5 {[%clk 0:16:45]} Kd6
{[%clk 0:17:39]} 40. Nf3 {[%clk 0:46:41]} Kc5 {[%clk 0:45:24]} 41. Ne5
{[%clk 0:46:21]} g5 {[%clk 0:42:58]} 42. Ke3 {[%clk 0:40:36]} Kd6
{[%clk 0:40:36]} 43. Nf3 {[%clk 0:38:55]} h6 {[%clk 0:39:24]} 44. Nd4
{[%clk 0:38:26]} Ke5 {[%clk 0:39:09]} 45. Nc6+ {[%clk 0:35:24]} Kd6
{[%clk 0:38:41]} 46. Nd4 {[%clk 0:35:10]} Ke5 {[%clk 0:38:25]} 47. Nc6+
{[%clk 0:35:12]} Ke6 {[%clk 0:32:21]} 48. g4 {[%clk 0:33:16]} Nd6
{[%clk 0:27:58]} 49. Nd4+ {[%clk 0:33:06]} Ke5 {[%clk 0:27:36]} 50. Nxf5
{[%clk 0:30:40]} Nxf5+ {[%clk 0:25:30]} 51. gxf5 {[%clk 0:30:53]} Kxf5
{[%clk 0:22:11]} 52. b4 {[%clk 0:30:38]} axb4 {[%clk 0:22:05]} 53. axb4
{[%clk 0:31:03]} Ke5 {[%clk 0:21:52]} 54. c5 {[%clk 0:29:54]} bxc5
{[%clk 0:22:16]} 55. bxc5 {[%clk 0:30:21]} Kd5 {[%clk 0:22:35]} 56. c6
{[%clk 0:30:47]} Kxc6 {[%clk 0:23:00]} 57. Ke4 {[%clk 0:31:15]} Kd6
{[%clk 0:23:13]} 58. Kf5 {[%clk 0:31:14]} Kd5 {[%clk 0:23:34]} 59. Kg6
{[%clk 0:30:42]} Ke5 {[%clk 0:21:11]} 1/2-1/2

[Event "MPJ_D18"]
[Site "?"]
[Date "2016.03.14"]
[Round "2.8"]
[White "Jedrocha, Katarzyna"]
[Black "Burakowska, Gabriela"]
[Result "1-0"]
[BlackElo "1765"]
[WhiteElo "1923"]
[LiveChessVersion "1.4.8"]

1. d4 {[%clk 1:30:57]} d5 {[%clk 1:30:54]} 2. c4 {[%clk 1:31:18]} e6
{[%clk 1:30:53]} 3. Nf3 {[%clk 1:31:31]} Nf6 {[%clk 1:31:05]} 4. g3
{[%clk 1:31:38]} Be7 {[%clk 1:29:38]} 5. Bg2 {[%clk 1:30:38]} Nbd7
{[%clk 1:29:53]} 6. O-O {[%clk 1:30:17]} c6 {[%clk 1:29:06]} 7. Nc3
{[%clk 1:28:55]} O-O {[%clk 1:28:29]} 8. Qc2 {[%clk 1:26:19]} Bb4
{[%clk 1:16:48]} 9. Nd2 {[%clk 1:13:05]} e5 {[%clk 0:59:19]} 10. dxe5
{[%clk 1:05:20]} Nxe5 {[%clk 0:59:32]} 11. cxd5 {[%clk 1:05:18]} cxd5
{[%clk 0:58:59]} 12. Nb3 {[%clk 0:44:39]} Be6 {[%clk 0:49:45]} 13. a3
{[%clk 0:38:23]} Be7 {[%clk 0:47:35]} 14. Nd4 {[%clk 0:25:45]} Qc8
{[%clk 0:42:47]} 15. Bg5 {[%clk 0:22:33]} h6 {[%clk 0:42:04]} 16. Bf4
{[%clk 0:18:44]} Ng6 {[%clk 0:36:47]} 17. Nxe6 {[%clk 0:17:17]} Qxe6
{[%clk 0:35:15]} 18. Be3 {[%clk 0:17:19]} Ne5 {[%clk 0:33:56]} 19. Rfd1
{[%clk 0:15:02]} Rfd8 {[%clk 0:33:07]} 20. Qb3 {[%clk 0:14:43]} Nc4
{[%clk 0:31:44]} 21. Bd4 {[%clk 0:09:41]} Ne4 {[%clk 0:23:59]} 22. Nxe4
{[%clk 0:08:58]} dxe4 {[%clk 0:24:23]} 23. Rac1 {[%clk 0:08:34]} Rac8
{[%clk 0:23:48]} 24. Qxb7 {[%clk 0:06:23]} f5 {[%clk 0:21:25]} 25. Qb3
{[%clk 0:05:11]} Kh7 {[%clk 0:21:36]} 26. e3 {[%clk 0:04:03]} Rd7
{[%clk 0:20:05]} 27. Bh3 {[%clk 0:03:19]} Rdc7 {[%clk 0:20:09]} 28. Bf1
{[%clk 0:03:33]} a5 {[%clk 0:19:28]} 29. Rc3 {[%clk 0:03:05]} a4 {[%clk 0:17:53]}
30. Qa2 {[%clk 0:03:05]} 1-0

[Event "MPJ_D18"]
[Site "?"]
[Date "2016.03.14"]
[Round "2.9"]
[White "Posuniak, Weronika"]
[Black "Trybowska, Anna"]
[Result "1-0"]
[BlackElo "1573"]
[WhiteElo "1731"]
[LiveChessVersion "1.4.8"]

1. d4 {[%clk 1:30:58]} d5 {[%clk 1:30:45]} 2. c4 {[%clk 1:31:24]} e6
{[%clk 1:30:55]} 3. Nc3 {[%clk 1:31:46]} Nf6 {[%clk 1:31:15]} 4. cxd5
{[%clk 1:32:11]} Nxd5 {[%clk 1:31:17]} 5. e4 {[%clk 1:32:30]} Nxc3
{[%clk 1:29:55]} 6. bxc3 {[%clk 1:32:56]} c5 {[%clk 1:25:29]} 7. Nf3
{[%clk 1:25:40]} a6 {[%clk 1:21:39]} 8. a4 {[%clk 1:17:16]} cxd4 {[%clk 1:15:34]}
9. cxd4 {[%clk 1:17:19]} Nc6 {[%clk 1:15:47]} 10. Be2 {[%clk 1:09:54]} Bb4+
{[%clk 1:10:11]} 11. Bd2 {[%clk 1:09:41]} Qa5 {[%clk 1:09:23]} 12. Bxb4
{[%clk 1:07:44]} Qxb4+ {[%clk 1:08:28]} 13. Qd2 {[%clk 1:07:46]} Bd7
{[%clk 1:07:17]} 14. a5 {[%clk 1:00:06]} O-O {[%clk 1:00:02]} 15. Qxb4
{[%clk 0:56:55]} Nxb4 {[%clk 1:00:24]} 16. Rb1 {[%clk 0:57:06]} Nc6
{[%clk 0:50:54]} 17. Rxb7 {[%clk 0:56:30]} Rfd8 {[%clk 0:49:04]} 18. Rb6
{[%clk 0:53:04]} Be8 {[%clk 0:43:07]} 19. Bxa6 {[%clk 0:44:53]} Nxd4
{[%clk 0:32:38]} 20. O-O {[%clk 0:40:51]} g6 {[%clk 0:19:45]} 21. Ne5
{[%clk 0:33:41]} Ra7 {[%clk 0:16:36]} 22. f3 {[%clk 0:26:20]} Nb3
{[%clk 0:11:34]} 23. Rxb3 {[%clk 0:23:56]} Rxa6 {[%clk 0:11:59]} 24. Ra1
{[%clk 0:24:02]} Rda8 {[%clk 0:11:49]} 25. Nc4 {[%clk 0:23:47]} Kf8
{[%clk 0:11:22]} 26. Kf2 {[%clk 0:22:24]} Rc8 {[%clk 0:10:24]} 27. Rb4
{[%clk 0:17:49]} Rc5 {[%clk 0:09:55]} 28. Rb6 {[%clk 0:14:39]} Ra8
{[%clk 0:07:36]} 29. Nd6 {[%clk 0:14:14]} Rc6 {[%clk 0:04:56]} 30. Rxc6
{[%clk 0:12:38]} Bxc6 {[%clk 0:05:21]} 31. e5 {[%clk 0:12:57]} Ke7
{[%clk 0:05:38]} 32. g3 {[%clk 0:12:59]} f6 {[%clk 0:04:44]} 33. f4
{[%clk 0:13:20]} fxe5 {[%clk 0:05:09]} 34. fxe5 {[%clk 0:13:46]} Kd7
{[%clk 0:05:32]} 35. Ke3 {[%clk 0:14:00]} Bd5 {[%clk 0:05:50]} 36. Rf1
{[%clk 0:09:51]} Kc6 {[%clk 0:05:03]} 37. Rf7 {[%clk 0:09:20]} h5
{[%clk 0:05:19]} 38. Rg7 {[%clk 0:08:19]} Rxa5 {[%clk 0:05:42]} 39. Rxg6
{[%clk 0:08:42]} Bb3 {[%clk 0:04:57]} 40. Kf4 {[%clk 0:38:13]} Kd5
{[%clk 0:34:56]} 41. Nf7 {[%clk 0:36:31]} Ra2 {[%clk 0:32:34]} 42. Nd8
{[%clk 0:34:08]} Rxh2 {[%clk 0:27:40]} 43. Nxe6 {[%clk 0:31:01]} Rf2+
{[%clk 0:19:27]} 44. Ke3 {[%clk 0:28:04]} Rc2 {[%clk 0:17:23]} 45. Nf4+
{[%clk 0:21:54]} Kxe5 {[%clk 0:17:12]} 46. Rg5+ {[%clk 0:21:11]} Kf6
{[%clk 0:17:13]} 47. Rxh5 {[%clk 0:21:22]} Rc3+ {[%clk 0:16:45]} 48. Kf2
{[%clk 0:21:15]} Rc2+ {[%clk 0:16:28]} 49. Kf3 {[%clk 0:21:09]} Rc3+
{[%clk 0:16:40]} 50. Kg2 {[%clk 0:21:25]} Rc2+ {[%clk 0:16:47]} 51. Kh3
{[%clk 0:21:38]} Bf7 {[%clk 0:10:19]} 52. Ra5 {[%clk 0:21:35]} Rc1
{[%clk 0:09:44]} 53. Kg4 {[%clk 0:21:23]} Rg1 {[%clk 0:09:10]} 54. Ra6+
{[%clk 0:19:06]} Kg7 {[%clk 0:09:33]} 55. Ne2 {[%clk 0:17:34]} Rh1
{[%clk 0:06:59]} 56. Nd4 {[%clk 0:17:22]} Rf1 {[%clk 0:05:35]} 57. Nf5+
{[%clk 0:16:56]} Kg8 {[%clk 0:05:31]} 58. Kg5 {[%clk 0:16:34]} Rf3
{[%clk 0:03:58]} 59. g4 {[%clk 0:13:56]} Rh3 {[%clk 0:02:58]} 60. Ra8+
{[%clk 0:13:50]} Kh7 {[%clk 0:03:13]} 61. Ra7 {[%clk 0:14:06]} Kg8
{[%clk 0:01:13]} 62. Nh6+ {[%clk 0:14:23]} Kg7 {[%clk 0:01:28]} 63. Nxf7
{[%clk 0:14:25]} Kg8 {[%clk 0:01:45]} 64. Kg6 {[%clk 0:14:24]} 1-0